Guess the Olivia Rodrigo song with no hints n1 - Statistics

General Stats
  • This quiz has been taken 490 times
  • The average score is 274 of 391
Answer Stats
Answer % Correct
I
99%
a
95%
you
93%
You
93%
the
90%
The
90%
go
88%
love
85%
your
85%
and
84%
And
84%
me
84%
my
84%
My
84%
to
83%
when
83%
so
82%
we
82%
be
81%
do
81%
it
80%
It
80%
that
80%
I'm
79%
in
78%
In
78%
on
77%
you're
77%
for
76%
hear
76%
know
75%
But
73%
but
73%
don't
73%
like
72%
all
71%
can't
70%
were
70%
did
69%
ever
69%
want
69%
car
67%
have
67%
not
67%
this
67%
could
66%
every
66%
try
66%
How
65%
One
65%
think
65%
why
65%
I've
64%
let
64%
say
64%
things
63%
was
63%
care
62%
feel
62%
never
62%
voice
62%
fine
61%
still
61%
there
61%
about
60%
enough
60%
grudge
60%
time
60%
tried
60%
everything
59%
long
59%
with
59%
wanna
58%
would
58%
heart
57%
bed
56%
easily
56%
head
56%
up
56%
call
55%
forgive
55%
from
55%
mean
55%
scream
55%
sorry
55%
takes
55%
tough
55%
Yeah
55%
anybody
54%
hold
54%
make
54%
more
54%
strong
54%
hurt
53%
loved
53%
people
53%
won
53%
alone
52%
blood
52%
even
52%
fuckin'
52%
life
52%
little
52%
May
52%
strength
52%
those
52%
understand
52%
before
51%
insecure
51%
man
51%
must
51%
now
51%
unhappy
51%
after
50%
both
50%
equal
50%
phone
50%
Took
50%
changed
49%
cuts
49%
deserved
49%
drew
49%
entire
49%
Friday
49%
mirror
49%
nightmares
49%
world
49%
against
48%
arguments
48%
fingers
48%
guilty
48%
shower
48%
betrayed
47%
between
47%
damage
47%
depends
47%
fall
47%
trust
47%
watch
47%
week
47%
yet
47%
crushed
46%
detail
46%
guess
46%
Ooh
46%
fantasize
45%
lingers
45%
sure
45%
confusion
44%
each
44%
that's
44%
filled
43%
undying
43%
built
42%
doubt
42%
flowers
42%
onto
42%
quite
42%
vitriol
34%
tough I
2%
No matching quizzes found
Score Distribution
Percent of People with Each Score
Percentile by Number Answered
Your Score History
You have not taken this quiz